Zákon z 21. septembra 2004 o zdravotnom poistení ...

Zákon z 21. septembra 2004 o zdravotnom poistení a o zmene a doplnení zákona č. 95/2002 Z.z. o poisťovníctve a o zmene a doplnení niektorých zákonov + Dôvodová správa k tomuto zákonu.

Na minha lista:
Detalhes bibliográficos
Formato: Capítulo de Livro
Idioma:eslovaco
Assuntos:
Tags: Adicionar Tag
Sem tags, seja o primeiro a adicionar uma tag!

MARC

LEADER 00000naa$a2200000$$$4500
001 0021504
005 20231106070425.3
041 0 |a slo 
044 |a SK 
245 1 0 |a Zákon z 21. septembra 2004 o zdravotnom poistení ... 
520 |a Zákon z 21. septembra 2004 o zdravotnom poistení a o zmene a doplnení zákona č. 95/2002 Z.z. o poisťovníctve a o zmene a doplnení niektorých zákonov + Dôvodová správa k tomuto zákonu. 
610 2 0 |a poistenie zdravotné 
610 2 0 |a vzťahy právne 
610 2 0 |a poistné 
610 2 0 |a poisťovníctvo 
610 2 0 |a zákony 
610 2 0 |a Slovensko 
610 2 0 |a 2004 
610 2 0 |a správy dôvodové